| 000 | 00367nam a2200145 i 4500 | ||
|---|---|---|---|
| 001 | bg | ||
| 100 | 1 | _aJANAS, Marian | |
| 245 | 0 |
_aMetalurgia stali : _bćwiczenia audytoryjne / _cMarian Janas, Henryk Szwej. |
|
| 260 |
_aCzęstochowa, _c1971. |
||
| 700 | 1 | _aSZWEJ, Henryk | |
| 040 | _cBPK | ||
| 041 | _apol | ||
| 942 | _cKS | ||
| 008 | s pl f |000 0 pol | ||
| 999 |
_c7336 _d7336 |
||
| 856 |
_uhttp://koha.tu.koszalin.pl/cgi-bin/koha/opac-detail.pl?biblionumber=7336 _yKatalog online BPK |
||